000 00463nam a2200193Ia 4500
001 14525
003 GE_BSU
008 181216s||||||||xx |||||||||||||| ||und||
020 _a0276420063
040 _cGE_BSU
080 _a641
245 _aQuick & Easy cooking. Reader's Digest.
245 _cConsultant editor Anne Ager
260 _aLondon
260 _c1988
300 _a320p.ill.26cm.
653 _aQuick & Easy cooking. Reader's Digest.
942 _cBK
999 _c47656
_d47656